Handbook on tunnels and underground works / edited by Emilio Bilotta [and six others]. (Record no. 22297)

000 -LEADER
fixed length control field 00780nam a22002177a 4500
020 ## - INTERNATIONAL STANDARD BOOK NUMBER
ISBN 9781032307473
082 ## - DEWEY DECIMAL CLASSIFICATION NUMBER
Classification number 624.193
Item number B545 2023
245 ## - TITLE STATEMENT
Title Handbook on tunnels and underground works / edited by Emilio Bilotta [and six others].
260 ## - PUBLICATION, DISTRIBUTION, ETC. (IMPRINT)
Place of publication Leiden, Netherlands :
Name of publisher CRC Press,
Year of publication c2023.
300 ## - PHYSICAL DESCRIPTION
Number of Pages 1 online resource, xx, 543 pages :
Other physical details illustrations (some color).
500 ## - GENERAL NOTE
General note Includes index.
500 ## - GENERAL NOTE
General note Volume 2 : Construction -- Methods, Equipment, Tools and Materials.
650 ## - SUBJECT ADDED ENTRY--TOPICAL TERM
Topical Term Tunnels and Underground Works -- Handbook.
700 ## - ADDED ENTRY--PERSONAL NAME
Personal name Casale, Renato.
700 ## - ADDED ENTRY--PERSONAL NAME
Personal name di Pisco, Claudio Guilio.
700 ## - ADDED ENTRY--PERSONAL NAME
Personal name Miliziano, Salvatore.
700 ## - ADDED ENTRY--PERSONAL NAME
Personal name Peila, Daniele.
700 ## - ADDED ENTRY--PERSONAL NAME
Personal name Pigorini, Andrea.
700 ## - ADDED ENTRY--PERSONAL NAME
Personal name Pizzarotti, Enrico Maria.
942 ## - ADDED ENTRY ELEMENTS (KOHA)
Koha item type Electronic Books
Holdings
Source of acquisition Permanent Location Date acquired Collection code Koha item type Lost status Shelving location Withdrawn status Current Location Full call number
DonationCagayan State University - Carig Library2026-04-14E-BooksElectronic Books E-Resource Section Cagayan State University - Carig Library624.193 B545 2023

Cagayan State University University Library, Carig Campus
Tuguegarao City, Cagayan 3500 | www.csucarig.edu.ph

Powered by Koha